小学館の図鑑 NEO - Statistics

General Stats
  • This quiz has been taken 55 times
  • The average score is 9 of 32
Answer Stats
発売年月 タイトル % Correct
2002/7(新版: 2014/6) 動物
92%
2002/7(新版: 2014/6) 昆虫
82%
2002/7(新版: 2014/6) 恐竜
78%
2003/3(新版: 2015/6)
76%
2002/7(新版: 2018/6) 植物
74%
2004/7(新版: 2018/6) 宇宙
70%
2002/11(新版: 2015/6) 鳥(鳥 : 恐竜の子孫たち)
54%
2022/11(新版: 2015/6) 乗りもの : 鉄道・自動車・飛行機・船
48%
2007/7(新版: 2024/11) 地球
42%
2021/11 鉄道
38%
2014/6
36%
2006/3(新版: 2023/6) 人間 : いのちの歴史(人間 : ヒトのからだ)
36%
2017/6 危険生物
24%
2017/6 (回収前) 2017/11 (改訂版) きのこ
22%
2004/3(新版: 2017/6) 両生類・はちゅう類
14%
2003/7(新版: 2020/9) 星と星座
12%
2006/7 カブトムシ・クワガタムシ
12%
2023/11 音楽
12%
2004/12 大むかしの生物
10%
2005/3(新版: 2019/6) 水の生物
10%
2009/8(新版: 2020/7) 科学の実験 : あそび・工作・手品
10%
2005/8 飼育と観察
8%
2012/6(新版: 2022/6) 岩石・鉱物・化石
8%
2013/4 野菜と果物
8%
2019/6 昆虫2 : 地球編
8%
2018/6 イモムシとケムシ : チョウ・ガの幼虫図鑑
6%
2021/6 深海生物
6%
2024/6 メダカ・金魚・熱帯魚
6%
(POCKETのみ 2011/6) 海辺の生物
6%
(POCKETのみ 2013/6) 水辺の生物
6%
(POCKETのみ 2023/3) 金魚
6%
(POCKETのみ 2024/6) プランクトン : クラゲ・ミジンコ・小さな水の生物
6%
No matching quizzes found
Score Distribution
Percent of People with Each Score
Percentile by Number Answered
Your Score History
You have not taken this quiz